| 000 | 00803nam a22002297a 4500 | ||
|---|---|---|---|
| 005 | 2010080402062.0 | ||
| 010 | _aENG-98137 | ||
| 020 |
_a9788184501728 _c2580.00 |
||
| 035 | _aEN-81670 | ||
| 037 | _bDBAD/PUB | ||
| 082 | _a158.7 | ||
| 100 |
_aBhatia, S.K. _96225 |
||
| 245 |
_aContemporary industrial psychology / _cby S.K. Bhatia |
||
| 260 |
_aNew Delhi _bDeep & Deep Publications _c2009 |
||
| 270 |
_aF-159, Rajouri Garden _bNew Delhi _e110027 |
||
| 300 |
_axiv, 499p. _c25cm (Hb) |
||
| 500 | _aincludes index | ||
| 650 |
_aorganisational behaviour _96226 |
||
| 650 |
_apsychology, Industrial _96227 |
||
| 942 |
_2ddc _cEN _h158.7 _mBHA |
||
| 999 |
_c39288 _d39288 |
||